Najpopularniejsze numery Rap/Trap tygodnia. 13-19.08.21 YT - Statystyki

Ogólne statystyki
  • Ten quiz został rozwiązany 11 razy
  • Średni wynik to 12 z 30
Statystyki odpowiedzi
Wykonawca Wyświetlenia Utwór % Poprawnych
Kizo 2.98M Disney
78%
Young Leosia ft. Żabson 2.89M Jungle Girl
78%
Mata 2.24M Kiss cam (podryw roku)
78%
Young Leosia 473K Szklanki
78%
Mata ft. White 2115 1.42M La la la (oh oh)
67%
Kizo ft. Wac Toja 752K Nasze Lato
67%
OIO 483K Amerykańskie Teledyski
56%
Zdechły Osa 1.34M Patolove
56%
Guzior 604K BLUEBERRY
44%
Smolasty 1.71M Duże Oczy
44%
Guzior ft. Oskar83 627K FALA
44%
Sobel 1.04M Fiołkowe Pole
44%
Sobel 751K Kinol
44%
Kizo 991K Król balu
44%
Mata 598K Patoreakcja
44%
Jacuś 541K Queen
44%
Magiera ft. Sobel 1.56M Drobna Zabawa
33%
Paluch 445K Każdy Blok
33%
Chivas ft. White 2115 507K Mam Na Twarzy Krew I Tym Razem Nie Jest Sztuczna
33%
Żabson, Kizo, ZetHa 912K Puerto Bounce
33%
Kubańczyk 766K Stringi
33%
Reto 720K Kingda Ka
22%
Tymek, Brodka, Urbanski 635K Ostatni
22%
Ekipa 545K Sen
22%
Sokół ft. Sarius 771K Cześć
11%
Wac Toja 469K Lato
11%
Kukon 610K Matrioszki
11%
Gibbs 506K Nigdy albo zawsze
11%
Arne 1.03M Poranna Rosa
11%
KaeN ft. Peja 454K Faceci w Czerni
0%
Nie znaleziono quizów pasujących do podanych kryteriów
Rozkład punktacji
Procent ludzi z każdym wynikiem
Percentyl według liczby udzielonych odpowiedzi
Twoja historia wyników
Nie rozwiązałeś tego quizu